| 000 | 01178nam a2200325Ia 4500 | ||
|---|---|---|---|
| 003 | OSt | ||
| 005 | 20221006160215.0 | ||
| 006 | a|||||r|||| 00| 0 | ||
| 007 | ta | ||
| 008 | 221006b |||||||| |||| 00| 0 eng d | ||
| 020 |
_a9781402009471 _c11,282.00 |
||
| 024 | _a44,615 | ||
| 037 |
_bGift, Window on Korea _cTextual |
||
| 040 |
_aEASL _cEASL _beng |
||
| 041 |
_2eng _aeng |
||
| 082 | _aY:1.495.P01, P3 | ||
| 100 |
_aShin Doh chull Ed. _9672398 |
||
| 245 | 0 |
_aQuality of life in Korea _b Comparative and dynamic perspectives |
|
| 260 |
_aDordrecht _bKluwer Academic Publishers Korea _c2003 |
||
| 300 |
_a537p. _ccm. |
||
| 490 |
_v KEL _aSocial indicators research series Vol.14 |
||
| 650 |
_a Korea - Family structure _9672399 |
||
| 650 |
_a Korea - Health care _9672400 |
||
| 650 |
_a Korea - Social Welfare System _9672401 |
||
| 650 |
_a Life across population groups - Quality of _9672402 |
||
| 650 |
_aKorea - Life - Transformation of _9672403 |
||
| 700 |
_a Rutkowski Conrad P. etc, Ed. _9672404 |
||
| 942 |
_hY:1.495.P01, P3 _cTEXL _2CC |
||
| 999 |
_c1112707 _d1112707 |
||